Luật doanh nghiệp và các văn bản hướng dẫn thi hành

Spremljeno u:
Bibliografski detalji
Glavni autor: Phan, Đức Hiếu
Format: Knjiga
Jezik:Undetermined
Izdano: Hà Nội Tài chính 2007
Teme:
Oznake: Dodaj oznaku
Bez oznaka, Budi prvi tko označuje ovaj zapis!
Thư viện lưu trữ: Trung tâm Học liệu Trường Đại học Cần Thơ
LEADER 00609nam a2200205Ia 4500
001 CTU_129030
008 210402s9999 xx 000 0 und d
020 |c 76000 
082 |a 346.597065 
082 |b H309 
100 |a Phan, Đức Hiếu 
245 0 |a Luật doanh nghiệp và các văn bản hướng dẫn thi hành 
245 0 |c Phan Đức Hiếu 
260 |a Hà Nội 
260 |b Tài chính 
260 |c 2007 
650 |a Business enterprises 
650 |x Law and legislation 
904 |i Tuyến 
980 |a Trung tâm Học liệu Trường Đại học Cần Thơ